| 000 | 02602cam a2200517 i 4500 | ||
|---|---|---|---|
| 999 |
_c17378 _d17378 |
||
| 001 | 18524020 | ||
| 005 | 20190406020056.0 | ||
| 008 | 150311t20162015txu 000 1 eng d | ||
| 010 | _a 2015935847 | ||
| 020 | _a9781941920046 (pbk. : acidfree paper) | ||
| 020 | _a1941920047 (pbk. : acidfree paper) | ||
| 020 | _z9781941920053 (ebk.) | ||
| 035 | _a(OCoLC)ocn903424779 | ||
| 040 |
_aYDXCP _beng _cYDXCP _erda _dBDX _dOCLCQ _dBTCTA _dLEB _dCDU _dOCLCO _dNYP _dUOK _dCGP _dOCLCF _dOCLCO _dMNY _dIDU _dOCLCO _dZYU _dVP@ _dDLC |
||
| 041 | 1 |
_aeng _hfre |
|
| 042 | _alccopycat | ||
| 043 | _af------ | ||
| 050 | 0 | 0 |
_aPQ3989.3 _b.M94T7313 2015 |
| 100 | 1 |
_aMwanza Mujila, Fiston, _d1981- _eauthor. |
|
| 240 | 1 | 0 |
_aTram 83. _lEnglish |
| 245 | 1 | 0 |
_aTram 83 / _cFiston Mwanza Mujila ; translated from the French by Roland Glasser ; foreword by Alain Mabanckou. |
| 246 | 3 | _aTram eighty-three | |
| 250 | _aSpecial Etisalat edition. | ||
| 300 |
_a211 p. ; _c21 cm |
||
| 500 | _aOriginally published in French as: Tram 83. Paris : Éditions Métailié, 2014. | ||
| 520 | _aExceptional debut Congolese novel uses jazz rhythm to evoke the frenzied exploitation of land and people in contemporary Africa. | ||
| 520 | _a"In an unnamed African city in secession, profit-seekers of all languages and nationalities mix. They have only one desire: to make a fortune by exploiting the mineral wealth of the land. Two friends: Lucien, a writer with literary ambitions home from abroad, and his childhood firend Requiem, who dreams of taking over the seedy underworld of their hometown, gather in the most notorious nightclub in town: the Tram 83."--back cover. | ||
| 650 | 0 |
_aGold mines and mining _zAfrica _vFiction. |
|
| 650 | 0 |
_aNightclubs _zAfrica _vFiction. |
|
| 650 | 0 |
_aOutlaws _zAfrica _vFiction. |
|
| 650 | 7 |
_aGold mines and mining. _2fast |
|
| 650 | 7 |
_aNightclubs. _2fast |
|
| 650 | 7 |
_aOutlaws. _2fast |
|
| 651 | 7 |
_aAfrica. _2fast |
|
| 655 | 7 |
_aFiction. _2fast |
|
| 700 | 1 |
_aGlasser, Roland, _etranslator. |
|
| 700 | 1 |
_aMabanckou, Alain, _d1966- _ewriter of foreword. |
|
| 942 |
_2lcc _cBOOKS _hPR3989.3 .M94T7313 2015 _0113 |
||